Complete the Card - WWE WrestleMania 37 - Statystyki

Ogólne statystyki
  • Ten quiz został rozwiązany 48 razy
  • Średni wynik to 25 z 34
Statystyki odpowiedzi
Night 1 or 2 Championship Stipulation W \ L Odpowiedź % Poprawnych
2 Intercontinental Championship Nigerian Drum Fight (c) Loser Big E
97%
2 Universal Championship Loser Edge
97%
2 Universal Championship (c) Winner Roman Reigns
97%
2 Universal Championship Loser Daniel Bryan
91%
1 Raw Tag Team Championship (c) Loser The New Day
91%
1 SD Women's Championship Winner Bianca Belair
88%
1 WWE Championship (c) Winner Bobby Lashley
88%
1 Raw Tag Team Championship Winner AJ Styles & Omos
85%
2 Male 1v1 Winner Randy Orton
85%
1 SD Women's Championship (c) Loser Sasha Banks
85%
1 Male 1v1 Loser Seth Rollins
85%
2 Intercontinental Championship Nigerian Drum Fight Winner Apollo Crews
82%
2 Raw Women's Championship (c) Loser Asuka
82%
1 WWE Championship Loser Drew McIntyre
82%
2 Raw Women's Championship Winner Rhea Ripley
82%
2 Male 1v1 Winner Kevin Owens
79%
2 Women's Tag Team Championhip (c) Winner Nia Jax & Shayna Baszler
76%
2 Male 1v1 Loser "The Fiend" Bray Wyatt
76%
2 Male 1v1 Loser Sami Zayn
73%
1 Female Tag Team Turmoil / #1 contender Loser The Riott Squad
73%
1 Male Steel Cage Winner Braun Strowman
70%
1 Male 2v2 Loser The Miz
70%
1 Male 1v1 Winner Cesaro
67%
1 Male 2v2 Winner Damian Priest
67%
1 Male 2v2 Winner Bad Bunny
61%
1 Male 2v2 Loser John Morrison
61%
2 United States Championship (c) Loser Riddle
61%
1 Male Steel Cage Loser Shane McMahon
61%
1 Female Tag Team Turmoil / #1 contender Winner Natalya & Tamina
58%
2 Women's Tag Team Championhip Loser Natalya & Tamina
58%
2 United States Championship Winner Sheamus
58%
1 Female Tag Team Turmoil / #1 contender Loser Billie Kay & Carmella
45%
1 Female Tag Team Turmoil / #1 contender Loser Mandy Rose & Dana Brooke
45%
1 Female Tag Team Turmoil / #1 contender Loser Lana & Naomi
42%
Nie znaleziono quizów pasujących do podanych kryteriów
Rozkład punktacji
Procent ludzi z każdym wynikiem
Percentyl według liczby udzielonych odpowiedzi
Twoja historia wyników
Nie rozwiązałeś tego quizu